000 00647aam a2200241 4500
005 20170303144212.0
008 150713b xxu||||| |||| 00| 0 spa d
020 _a9788496743397
041 _aspa
082 _a461 C793co
100 _aCórcoles Cubero, Ana Isabel
_940874
245 _aCómo realizar buenos informes
260 _aEspaña
260 _bFundación Confemetal
260 _c2016
300 _a135 páginas
650 _aCOMUNICACIÓN ESCRITA
_9353
650 _aINFORMES
_92008
650 _aTÉCNICAS DE REDACCIÓN
_916226
650 _aTIPOS DE INFORME
_940875
650 _aSIGNOS DE PUNTUACIÓN
_98826
942 _cBK
999 _c8549
_d8549